Italy's Biggest Islands Quiz - Statistics

General Stats
  • This quiz has been taken 93 times
  • The average score is 5 of 10
Answer Stats
km2 Hint Island % Correct
25,462 Etna Sicily
100%
23,812 Cagliari Sardinia
98%
223.5 Napoleon Elba
89%
46.4 30 kilometres off of Naples Ischia
44%
50.9 Italian for donkey Asinara
41%
37.3 Largest of Aeolian Islands Lipari
35%
26.1 Italian for salt mine Salina
35%
83 Raisin wine Pantelleria
33%
108.9 Off the coast of #2, linked by bridge Sant'Antioco
30%
51.3 First Pope San Pietro
25%
No matching quizzes found
Score Distribution
Percent of People with Each Score
Percentile by Number Answered
Your Score History
You have not taken this quiz